Statistics for world geographic

Click here to take the quiz!

General Stats

  • This quiz has been taken 25 times
  • The average score is 19 of 33

Answer Stats

HintAnswer% Correct
LARGEST AFRICAN COUNTRYALGERIA
100%
LARGEST ASIAN COUNTRYCHINA
100%
largest coal producerchina
100%
LARGEST COUNTRYRUSSIA
100%
largest petroleum producerrussia
100%
LARGEST COUNTRY OF EUROPERUSSIA
100%
SMALLEST COUNTRYVATICAN
100%
LONGEST RIVERNile
91%
Smallest ContinentAustralia
86%
HIGHEST PEAKEverest
86%
Largest RiverAmazon
82%
LARGEST LANDLOCKED COUNTRYKazakhstan
82%
LARGEST OCEANPacific Ocean
77%
LARGEST DESERTSahara
73%
Largest GulfGulf of Mexico
68%
Largest WaterfallAngel Falls
59%
largest coffee producerbrazil
59%
Largest IslandGreenland
59%
LARGEST LAKECaspian Sea
55%
Largest Freshwater LakeSuperior
50%
Largest peninsulaArabia
45%
Largest ArchipelagoIndonesia
45%
Largest BayBay of Bengal
41%
largest milk producerINDIA
36%
first to reach south poleRoald Amundsen
36%
Highest LakeTiticaca
32%
DEEPEST POINTchallenger deep
14%
Deepest Underwater TrenchMarina Trench
5%
Tallest statueSpring Temple Buddha
5%
highest literacy rateandorra
0%
WETTEST PLACEMAWSYNRAM
0%
oldest religionsanatan dharma
0%
LARGEST DELTASunderban
0%

Score Distribution

Percentile by Number Answered

Percent of People with Each Score

Your Score History

You have not taken this quiz